Tuyển chọn và ứng dụng các dòng vi khuẩn có khả năng cố định đạm, hòa tan lân và tổng hợp IAA từ đất vùng rễ rau màu trên địa bàn thành phố Cần Thơ : Báo cáo tổng kết đề tài khoa học và công nghệ cấp Trường

Mục tiêu đề tài vi khuẩn từ đất vùng rễ rau màu trên địa bàn thành phố Cần Thơ,tuyển chọn thông qua việc định lượng khả năng cố định đạm, hoà tan lâm và tổng hợp IAA của các dòng vi khuẩn và định danh các dòng vi khuẩn có hoạt tính cao tre...

Cijeli opis

Spremljeno u:
Bibliografski detalji
Glavni autor: Trần, Thị Giang
Format: Knjiga
Jezik:Undetermined
Izdano: Cần Thơ Trường Đại học Cần Thơ 2014
Teme:
Oznake: Dodaj oznaku
Bez oznaka, Budi prvi tko označuje ovaj zapis!
Thư viện lưu trữ: Trung tâm Học liệu Trường Đại học Cần Thơ
LEADER 01471nam a2200217Ia 4500
001 CTU_203491
008 210402s9999 xx 000 0 und d
082 |a 631.8 
082 |b Gi106 
088 |a T2013-81 
100 |a Trần, Thị Giang 
245 0 |a Tuyển chọn và ứng dụng các dòng vi khuẩn có khả năng cố định đạm, hòa tan lân và tổng hợp IAA từ đất vùng rễ rau màu trên địa bàn thành phố Cần Thơ : 
245 0 |b Báo cáo tổng kết đề tài khoa học và công nghệ cấp Trường 
245 0 |c Trần Thị Giang (chủ nhiệm đề tài) ; Cao Ngọc Điệp, Nguyễn Thị Quyên, Lê Thị Kim Ngân (tham gia thực hiện) 
260 |a Cần Thơ 
260 |b Trường Đại học Cần Thơ 
260 |c 2014 
520 |a Mục tiêu đề tài vi khuẩn từ đất vùng rễ rau màu trên địa bàn thành phố Cần Thơ,tuyển chọn thông qua việc định lượng khả năng cố định đạm, hoà tan lâm và tổng hợp IAA của các dòng vi khuẩn và định danh các dòng vi khuẩn có hoạt tính cao trên 3 đặc tính: cố định đạm, hòa tan lâm và tổng hợp IAA. 
650 |a Fertilizers,Phân bón 
904 |i Qhieu 
980 |a Trung tâm Học liệu Trường Đại học Cần Thơ